000 00290nam a2200121Ia 4500
008 190216s9999||||xx |||||||||||||| ||und||
100 _aAnup Rajput
245 0 _aMathematics: Text Book For Part Ii Xi
260 _bNcrt - Newdelhi
300 _a814
650 _aMathematics
942 _cREF
999 _c36685
_d36685